[Event "exe Slovakia Open 2025"]
[Site "Bratislava SVK"]
[Date "2025.09.13"]
[Round "1.1"]
[White "Sommerbauer-Cornell, Ben"]
[Black "Pechac, Jergus"]
[Result "0-1"]
[BlackTitle "GM"]
[WhiteElo "1977"]
[BlackElo "2544"]
[WhiteFideId "494712"]
[BlackFideId "14926970"]
[EventDate "2025.09.13"]

1. e4 c5 2. d4 cxd4 3. c3 dxc3 4. Nxc3 Nc6 5. Nf3 e6 6. Bb5 Bb4 7. a3 Bxc3+ 8.
bxc3 Nge7 9. O-O d5 10. e5 Bd7 11. a4 Na5 12. Bd3 Rc8 13. Qc2 Nc4 14. Re1 h6 15.
Nd4 Nc6 16. f4 a6 17. Nf3 N6a5 18. Nd4 O-O 19. f5 exf5 20. Bxf5 Nc6 21. Bd3 Be6
22. Qe2 g6 23. Nf3 d4 24. Qe4 dxc3 25. Bxc4 Bxc4 26. Qxc4 Nxe5 27. Qe4 Nxf3+ 28.
Qxf3 Qh4 29. Re4 Qh5 30. Qxh5 gxh5 31. Bxh6 Rfd8 32. a5 Rd5 33. Ree1 Kh7 34. Be3
Kg6 35. Kf2 Rc4 36. Red1 Rb5 37. Rd6+ Kf5 38. Rb6 Ke4 39. Ke2 Rcb4 40. Bc1 Rxb6
41. axb6 Kd4 42. Ra5 Rb2+ 43. Kf3 Kd3 44. Rxh5 Rxb6 45. Rd5+ Kc2 46. Bf4 Rb1 47.
h4 b5 48. h5 b4 49. Re5 Rf1+ 50. Kg4 b3 51. Re3 b2 0-1

[Event "exe Slovakia Open 2025"]
[Site "Bratislava SVK"]
[Date "2025.09.13"]
[Round "1.2"]
[White "Heberla, Bartlomiej"]
[Black "Eichler, Alexander"]
[Result "1-0"]
[WhiteTitle "GM"]
[WhiteElo "2502"]
[BlackElo "1976"]
[WhiteFideId "1115120"]
[BlackFideId "12935921"]
[EventDate "2025.09.13"]

1. e4 c5 2. Nc3 Nc6 3. Bb5 Nd4 4. Bc4 g6 5. Nf3 Bg7 6. Nxd4 cxd4 7. Qf3 Nf6 8.
e5 dxc3 9. dxc3 O-O 10. exf6 Bxf6 11. Bh6 Re8 12. O-O-O Rb8 13. Qd5 e6 14. Qd6
Ra8 15. h4 Qe7 16. Qg3 d5 17. Bb5 Bh8 18. h5 Bd7 19. Bxd7 Qxd7 20. Bg5 Qa4 21.
Qf3 Qxa2 22. Bf6 Bg7 23. Bxg7 Kxg7 24. hxg6 hxg6 25. Rh7+ Kxh7 26. Qxf7+ Kh6 27.
Rh1+ Kg5 28. f4+ Kg4 29. Qxg6+ Kxf4 30. Qf6+ Kg4 31. Rh4+ Kg3 32. Qf4+ Kxg2 33.
Rg4+ Kh1 1-0

[Event "exe Slovakia Open 2025"]
[Site "Bratislava SVK"]
[Date "2025.09.13"]
[Round "1.3"]
[White "Iankin, Arseni"]
[Black "Sahidi, Samir"]
[Result "0-1"]
[BlackTitle "IM"]
[WhiteElo "1976"]
[BlackElo "2469"]
[WhiteFideId "24224073"]
[BlackFideId "14936372"]
[EventDate "2025.09.13"]

1. e4 e5 2. d4 exd4 3. Qxd4 Nc6 4. Qc4 Nf6 5. Nc3 Bb4 6. Bd2 d6 7. O-O-O O-O 8.
a3 Ba5 9. f3 Be6 10. Qe2 Re8 11. Qf2 a6 12. g4 Nd7 13. Nh3 b5 14. Nf4 b4 15.
axb4 Bxb4 16. Nd3 Nc5 17. Qg2 Na5 18. Nf4 Rb8 19. Nxe6 fxe6 20. f4 Qd7 21. g5
Na4 22. g6 hxg6 23. Qxg6 0-1

[Event "exe Slovakia Open 2025"]
[Site "Bratislava SVK"]
[Date "2025.09.13"]
[Round "1.4"]
[White "Beliavsky, Alexander G"]
[Black "Matejka, Simon"]
[Result "1-0"]
[WhiteTitle "GM"]
[WhiteElo "2453"]
[BlackElo "1950"]
[WhiteFideId "14602377"]
[BlackFideId "14974541"]
[EventDate "2025.09.13"]

1. d4 Nf6 2. c4 e6 3. Nf3 b6 4. Nc3 Bb7 5. a3 Be7 6. d5 O-O 7. e4 d6 8. Bd3 e5
9. O-O Nbd7 10. b4 Re8 11. g3 Nf8 12. Nh4 Bc8 13. Nf5 Ng6 14. h4 Bf8 15. Qf3 Ne7
16. Ne3 Bh3 17. Re1 h5 18. Bd2 Bd7 19. Qg2 g6 20. f3 Kh7 21. g4 Bg7 22. g5 Kh8 1-0

[Event "exe Slovakia Open 2025"]
[Site "Bratislava SVK"]
[Date "2025.09.13"]
[Round "1.5"]
[White "Hrbek, Stepan"]
[Black "Havalda, Samuel"]
[Result "1-0"]
[WhiteTitle "IM"]
[WhiteElo "2446"]
[BlackElo "1963"]
[WhiteFideId "393479"]
[BlackFideId "14955490"]
[EventDate "2025.09.13"]

1. e4 e5 2. Nf3 Nc6 3. Bb5 a6 4. Ba4 Nf6 5. O-O b5 6. Bb3 d6 7. c3 Be7 8. d4 Bg4
9. h3 Bxf3 10. Qxf3 exd4 11. Qg3 O-O 12. Bh6 Nh5 13. Qg4 dxc3 14. Nxc3 Ne5 15.
Qxh5 gxh6 16. Rad1 Bf6 17. f4 Ng6 18. e5 Bg7 19. exd6 cxd6 20. f5 Bxc3 21. bxc3
Ne5 22. Qxh6 Qb6+ 23. Kh1 Kh8 24. f6 Rg8 25. Bc2 Ng6 26. Rd5 Nf8 27. Bxh7 1-0

[Event "exe Slovakia Open 2025"]
[Site "Bratislava SVK"]
[Date "2025.09.13"]
[Round "1.6"]
[White "Benci, Jozef"]
[Black "Pavlovic, Milos"]
[Result "0-1"]
[BlackTitle "GM"]
[WhiteElo "1960"]
[BlackElo "2409"]
[WhiteFideId "14967596"]
[BlackFideId "900389"]
[EventDate "2025.09.13"]

1. Nf3 g6 2. g3 Bg7 3. d4 c5 4. Bg2 cxd4 5. Nxd4 Nc6 6. Nxc6 bxc6 7. O-O Rb8 8.
c3 Qc7 9. Qc2 Nf6 10. e4 O-O 11. Nd2 d5 12. Re1 e5 13. exd5 cxd5 14. Nf3 Bf5 15.
Qe2 Rfe8 16. h3 h6 17. Be3 a5 18. Rac1 a4 19. Qd1 a3 20. Re2 Rec8 0-1

[Event "exe Slovakia Open 2025"]
[Site "Bratislava SVK"]
[Date "2025.09.13"]
[Round "1.7"]
[White "Shohat, Yotam"]
[Black "Deak, Gabriel"]
[Result "1-0"]
[WhiteTitle "IM"]
[WhiteElo "2382"]
[BlackElo "1956"]
[WhiteFideId "2813955"]
[BlackFideId "14906295"]
[EventDate "2025.09.13"]

1. e4 Nc6 2. Nf3 f5 3. exf5 d5 4. Bb5 Bxf5 5. O-O a6 6. Bxc6+ bxc6 7. Ne5 e6 8.
Qh5+ g6 9. Qe2 Bd6 10. d3 Qh4 11. Nd2 Nf6 12. f4 Bc5+ 13. Kh1 h6 14. h3 h5 15.
Re1 Bd6 16. Nb3 1-0

[Event "exe Slovakia Open 2025"]
[Site "Bratislava SVK"]
[Date "2025.09.13"]
[Round "1.8"]
[White "Skrinar, Marek"]
[Black "Pacher, Milan"]
[Result "1-0"]
[BlackTitle "GM"]
[WhiteElo "1956"]
[BlackElo "2392"]
[WhiteFideId "14940710"]
[BlackFideId "14907445"]
[EventDate "2025.09.13"]

1. e4 c5 2. Nf3 e6 3. d4 cxd4 4. Nxd4 Nc6 5. c4 Nf6 6. Nc3 Bb4 7. Nxc6 bxc6 8.
Bd3 e5 9. Bd2 O-O 10. O-O d6 11. a3 Bc5 12. b4 Bd4 13. Rb1 h6 14. Ne2 Bb6 15.
Qc2 d5 16. exd5 cxd5 17. c5 Bc7 18. Bf5 Re8 19. Bxc8 Qxc8 20. Ng3 Qe6 21. a4
Rad8 22. b5 e4 23. Qb2 d4 24. a5 e3 25. fxe3 d3 1-0

[Event "exe Slovakia Open 2025"]
[Site "Bratislava SVK"]
[Date "2025.09.13"]
[Round "1.11"]
[White "Zielonka, Adam"]
[Black "Livnansky, Michal"]
[Result "1-0"]
[WhiteTitle "FM"]
[WhiteElo "2351"]
[BlackElo "1912"]
[WhiteFideId "21002096"]
[BlackFideId "73622885"]
[EventDate "2025.09.13"]

1. e4 c6 2. d4 d5 3. e5 c5 4. dxc5 Nc6 5. f4 e6 6. Be3 d4 7. Bf2 Bxc5 8. Nd2
Nge7 9. a3 Nd5 10. Qf3 O-O 11. Bd3 f6 12. exf6 Nxf6 13. b4 Bb6 14. b5 Ne7 15.
Nh3 Ned5 16. O-O Nc3 17. Rae1 Nfd5 1-0

[Event "exe Slovakia Open 2025"]
[Site "Bratislava SVK"]
[Date "2025.09.13"]
[Round "1.12"]
[White "Mandak, Miroslav"]
[Black "Jablonicky, Martin"]
[Result "0-1"]
[BlackTitle "IM"]
[WhiteElo "1947"]
[BlackElo "2363"]
[WhiteFideId "14902990"]
[BlackFideId "14925621"]
[EventDate "2025.09.13"]

1. Nf3 Nf6 2. d4 g6 3. c4 Bg7 4. Nc3 O-O 5. e3 b6 6. Bd3 Bb7 7. O-O d6 8. Qc2
Bxf3 9. gxf3 Nc6 10. a3 Qd7 11. Ne4 Nxe4 12. Bxe4 f5 13. Bxc6 Qxc6 14. d5 Qd7
15. Rb1 e5 16. dxe6 Qc6 17. Qe2 Rae8 18. b3 Rxe6 19. Qd1 f4 20. e4 Re5 21. Qd3
Qd7 22. Kh1 Qh3 23. Rg1 Rh5 24. Rg2 Rf7 25. Bb2 g5 26. Rbg1 g4 27. Bc3 gxf3 28.
Rxg7+ Rxg7 29. Qd5+ Rxd5 30. Rxg7+ Kf8 31. cxd5 Qf1+ 32. Rg1 Qxf2 0-1

[Event "exe Slovakia Open 2025"]
[Site "Bratislava SVK"]
[Date "2025.09.13"]
[Round "1.13"]
[White "Dovgaliuk, Oleksandr"]
[Black "Mikusik, Marian"]
[Result "1-0"]
[WhiteTitle "FM"]
[WhiteElo "2316"]
[BlackElo "1947"]
[WhiteFideId "14167247"]
[BlackFideId "14905345"]
[EventDate "2025.09.13"]

1. c4 g6 2. d4 Bg7 3. h4 h5 4. Nc3 d6 5. e4 Nc6 6. Be3 e5 7. d5 Nd4 8. Nge2 Nxe2
9. Bxe2 Bh6 10. Qd2 Bxe3 11. Qxe3 b6 12. f4 Nh6 13. O-O Rf8 1-0

[Event "exe Slovakia Open 2025"]
[Site "Bratislava SVK"]
[Date "2025.09.13"]
[Round "1.14"]
[White "Ondreicka, Roman"]
[Black "Koepke, Christian"]
[Result "0-1"]
[BlackTitle "IM"]
[WhiteElo "1938"]
[BlackElo "2331"]
[WhiteFideId "14980231"]
[BlackFideId "4655737"]
[EventDate "2025.09.13"]

1. Nf3 Nf6 2. d4 g6 3. c4 Bg7 4. g3 O-O 5. Bg2 d6 6. O-O Re8 7. Nc3 Bd7 8. e4 e5
9. h3 exd4 10. Nxd4 Nc6 11. Be3 Nxd4 12. Bxd4 c5 13. Be3 Qc8 14. Kh2 Bc6 15. f3
Qe6 16. Qe2 a6 17. Rfd1 Nd7 18. Nd5 Bxd5 19. cxd5 Qe7 20. Rf1 Bf6 0-1

[Event "exe Slovakia Open 2025"]
[Site "Bratislava SVK"]
[Date "2025.09.13"]
[Round "1.15"]
[White "Elias, David"]
[Black "Korenova, Simona"]
[Result "1-0"]
[WhiteTitle "FM"]
[WhiteElo "2329"]
[BlackElo "1905"]
[WhiteFideId "14960141"]
[BlackFideId "14941813"]
[EventDate "2025.09.13"]

1. d4 d5 2. c4 e6 3. Nf3 Nf6 4. e3 Be7 5. Nc3 O-O 6. Bd3 b6 7. O-O Bb7 8. b3 c5
9. Qe2 Nc6 10. Bb2 cxd4 11. exd4 Re8 12. Rad1 Bd6 13. Rfe1 Rc8 14. Ne5 g6 15.
Bb1 a6 16. f4 Qc7 17. Rd3 Na5 18. cxd5 exd5 19. Re3 Red8 20. f5 Bxe5 21. Rxe5
Nc6 22. fxg6 hxg6 23. Re3 Nxd4 24. Qd2 Nc6 25. Nb5 axb5 26. Bxf6 Rd7 27. Re8+
Rxe8 28. Rxe8+ Kh7 29. Rh8# 1-0

[Event "exe Slovakia Open 2025"]
[Site "Bratislava SVK"]
[Date "2025.09.13"]
[Round "1.16"]
[White "Vasko, Matej"]
[Black "Oruzinsky, Juraj"]
[Result "1/2-1/2"]
[BlackTitle "FM"]
[WhiteElo "1926"]
[BlackElo "2318"]
[WhiteFideId "14969360"]
[BlackFideId "14962195"]
[EventDate "2025.09.13"]

1. e4 c5 2. Nf3 Nc6 3. d4 cxd4 4. Nxd4 Nf6 5. Nc3 e5 6. Ndb5 d6 7. a4 a6 8. Na3
Be6 9. Bc4 Be7 10. Bg5 O-O 11. O-O Rc8 12. Bxf6 Bxf6 13. Nd5 Bg5 14. Qd3 Kh8 15.
Rad1 Qa5 16. c3 Bg4 17. b4 Qd8 18. f3 Be6 19. a5 Ne7 20. Kh1 1/2-1/2

[Event "exe Slovakia Open 2025"]
[Site "Bratislava SVK"]
[Date "2025.09.13"]
[Round "1.17"]
[White "Farkas, Gabor1"]
[Black "Barbir, Petar"]
[Result "1-0"]
[WhiteTitle "IM"]
[WhiteElo "2316"]
[BlackElo "1923"]
[WhiteFideId "14908034"]
[BlackFideId "14596466"]
[EventDate "2025.09.13"]

1. d4 Nf6 2. c4 g6 3. Nc3 d5 4. Nf3 Bg7 5. Qb3 dxc4 6. Qxc4 O-O 7. e4 c6 8. Qb3
Qb6 9. Bc4 Qxb3 10. Bxb3 Nfd7 11. Be3 Na6 12. O-O e5 13. d5 Ndc5 14. dxc6 bxc6
15. Bc4 Ne6 16. Rfd1 Rd8 17. Rxd8+ Nxd8 18. Rd1 Bb7 19. Rd7 Bf6 20. Bxf7+ Kf8
21. Bh6+ Bg7 22. Bxg7+ Kxg7 23. Bc4+ Kf6 24. g4 h6 25. Rd6+ Kg7 26. Nxe5 g5 27.
Rd7+ 1-0

[Event "exe Slovakia Open 2025"]
[Site "Bratislava SVK"]
[Date "2025.09.13"]
[Round "1.18"]
[White "Petrik, Matus"]
[Black "Nawalaniec, Adam"]
[Result "0-1"]
[BlackTitle "FM"]
[WhiteElo "1902"]
[BlackElo "2302"]
[WhiteFideId "266400"]
[BlackFideId "21023786"]
[EventDate "2025.09.13"]

1. e4 c5 2. c3 Nf6 3. e5 Nd5 4. d4 cxd4 5. Nf3 Nc6 6. cxd4 d6 7. Bc4 Nb6 8. Bb5
Bd7 9. exd6 e6 10. Bf4 Nd5 11. Qd2 Ncb4 12. Bxd7+ Qxd7 13. Bg3 Bxd6 14. Bxd6
Qxd6 15. Nc3 Ke7 16. O-O 0-1

[Event "exe Slovakia Open 2025"]
[Site "Bratislava SVK"]
[Date "2025.09.13"]
[Round "1.19"]
[White "Stevik, Patrik"]
[Black "Bartolome Martin, Angel"]
[Result "1-0"]
[WhiteTitle "FM"]
[WhiteElo "2314"]
[BlackElo "1919"]
[WhiteFideId "14944812"]
[BlackFideId "24527823"]
[EventDate "2025.09.13"]

1. d4 Nf6 2. c4 e6 3. Nc3 Bb4 4. e3 O-O 5. Ne2 d5 6. a3 Be7 7. Ng3 b6 8. cxd5
exd5 9. Bd3 c5 10. O-O Re8 11. Bb5 Bd7 12. Be2 Be6 13. Bf3 Nc6 14. Nce2 Bd6 15.
b3 h5 16. Qc2 Rc8 17. dxc5 bxc5 18. Bb2 Ne5 19. Bxh5 d4 20. Nf4 Nxh5 21. Nfxh5
Qh4 22. exd4 cxd4 23. Qe4 Bg4 24. Qxd4 Rcd8 25. Nxg7 Kxg7 26. Nf5+ Bxf5 27. Qxh4
f6 28. Rad1 Rh8 29. Qg3+ Kf7 30. Rxd6 Rxd6 31. Bxe5 fxe5 32. Qxe5 1-0

[Event "exe Slovakia Open 2025"]
[Site "Bratislava SVK"]
[Date "2025.09.13"]
[Round "1.20"]
[White "Pisarcik, Richard"]
[Black "Snehal, Bhosale"]
[Result "0-1"]
[BlackTitle "CM"]
[WhiteElo "1922"]
[BlackElo "2270"]
[WhiteFideId "14967499"]
[BlackFideId "5021995"]
[EventDate "2025.09.13"]

1. e4 e5 2. Nf3 Nc6 3. Bc4 Nf6 4. d4 exd4 5. e5 d5 6. Bb5 Nd7 7. O-O Be7 8. Bxc6
bxc6 9. Nxd4 Nb8 10. Re1 O-O 11. Nc3 a5 12. Qf3 a4 13. Qg3 Kh8 14. Bf4 Bh4 15.
Qf3 Bf6 16. Bg5 0-1

[Event "exe Slovakia Open 2025"]
[Site "Bratislava SVK"]
[Date "2025.09.13"]
[Round "1.21"]
[White "Koelber, Daniel"]
[Black "Reichel, Lukasz"]
[Result "1-0"]
[WhiteElo "2270"]
[BlackElo "1905"]
[WhiteFideId "1643380"]
[BlackFideId "1135961"]
[EventDate "2025.09.13"]

1. e4 c5 2. Nf3 d6 3. d4 cxd4 4. Nxd4 Nf6 5. Nc3 a6 6. h3 e6 7. g4 d5 8. exd5
Nxd5 9. Nde2 Bb4 10. Bg2 O-O 11. O-O Nxc3 12. Nxc3 Nc6 13. Qxd8 Rxd8 14. Be3
Bxc3 15. bxc3 e5 16. Rab1 Be6 17. Rxb7 Bd5 1-0

[Event "exe Slovakia Open 2025"]
[Site "Bratislava SVK"]
[Date "2025.09.13"]
[Round "1.22"]
[White "Malaschitz, Teodor"]
[Black "Schwarz, Dusan"]
[Result "0-1"]
[WhiteElo "1899"]
[BlackElo "2270"]
[WhiteFideId "73621153"]
[BlackFideId "14903890"]
[EventDate "2025.09.13"]

1. e4 c5 2. Nf3 d6 3. d4 cxd4 4. Nxd4 Nf6 5. Nc3 g6 6. f3 Bg7 7. Be3 Nc6 8. Qd2
O-O 9. O-O-O d5 10. exd5 Nxd5 11. Nxc6 bxc6 12. Bd4 Bxd4 13. Qxd4 Qb6 14. Nxd5
cxd5 15. Qxb6 axb6 16. Kb1 Bb7 17. Bb5 e6 18. Rhe1 Rfc8 19. h3 Rc5 20. a4 Kg7
21. Rd2 Ba6 22. Bxa6 Rxa6 23. b3 b5 24. axb5 Rxb5 25. Kb2 Rba5 26. Rb1 Kf6 27.
Kc3 Rc6+ 28. Kb2 Rca6 29. g3 g5 30. Rd3 h5 31. Re1 Ra2+ 32. Kc3 Ke7 33. Kd2 Kd6
34. f4 gxf4 35. gxf4 Rb6 36. Rg1 Rb4 37. Rf1 h4 0-1

[Event "exe Slovakia Open 2025"]
[Site "Bratislava SVK"]
[Date "2025.09.13"]
[Round "1.23"]
[White "Gubin, Dmitrii"]
[Black "Michalska, Aleksandra"]
[Result "1-0"]
[WhiteElo "2219"]
[BlackElo "1892"]
[WhiteFideId "13911848"]
[BlackFideId "1193953"]
[EventDate "2025.09.13"]

1. c4 c6 2. Nf3 d5 3. g3 Nf6 4. Bg2 g6 5. b3 Bg7 6. Bb2 O-O 7. O-O Re8 8. d3
Nbd7 9. Nbd2 a5 10. Rc1 e5 11. cxd5 Nxd5 12. Nc4 Qe7 13. Nfd2 Qe6 14. Ne4 Bf8
15. Ng5 Qe7 16. Nf3 f6 17. e4 Bg7 18. h4 h6 19. Nfxe5 h5 1-0

[Event "exe Slovakia Open 2025"]
[Site "Bratislava SVK"]
[Date "2025.09.13"]
[Round "1.24"]
[White "Mattinson, Kai"]
[Black "Sydoryka, Vladyslav"]
[Result "0-1"]
[BlackTitle "FM"]
[WhiteElo "1882"]
[BlackElo "2246"]
[WhiteFideId "343401562"]
[BlackFideId "14145928"]
[EventDate "2025.09.13"]

1. e4 c6 2. d4 d5 3. f3 e6 4. Nc3 Qb6 5. a3 Nd7 6. Be3 Ngf6 7. e5 Nxe5 8. Na4
Qa5+ 9. b4 Qxa4 10. dxe5 Nd7 11. Ne2 c5 12. Nc3 Qc6 13. b5 Qc7 14. Bf4 c4 15.
Bg3 Qa5 16. Qd2 Bb4 17. axb4 Qxa1+ 18. Kf2 Qa3 19. Bxc4 Qxb4 20. Bd3 d4 21. Qg5
dxc3 22. Bh4 O-O 23. Re1 f5 24. f4 0-1

[Event "exe Slovakia Open 2025"]
[Site "Bratislava SVK"]
[Date "2025.09.13"]
[Round "1.25"]
[White "Brnusak, Tomas"]
[Black "Kovacik, Oliver"]
[Result "1-0"]
[WhiteElo "2245"]
[BlackElo "1880"]
[WhiteFideId "14939878"]
[BlackFideId "2321963"]
[EventDate "2025.09.13"]

1. e4 c6 2. d3 d5 3. Nd2 e5 4. Ngf3 Bd6 5. g3 Nf6 6. Bg2 Na6 7. O-O O-O 8. Re1
Re8 9. c3 Nc5 10. Qc2 a5 11. Rb1 b5 12. b4 Na4 13. a3 Bg4 14. Nb3 axb4 15. cxb4
Qb6 16. Be3 d4 17. Nfxd4 exd4 18. Bxd4 Qc7 19. f4 Nd7 20. e5 Bf8 21. Qxc6 Qxc6
22. Bxc6 Rac8 23. Rbc1 Be6 24. Na5 Nb2 25. Ba7 Rb8 26. Bxb8 Rc8 27. Bd6 Nb6 28.
Bxb5 Nxd3 29. Bd7 Nxe1 30. Rxe1 Rb8 31. Rd1 Rc8 32. Bc6 Nd5 33. Rc1 Ne3 34. Bxf8
Nc4 1-0

[Event "exe Slovakia Open 2025"]
[Site "Bratislava SVK"]
[Date "2025.09.13"]
[Round "1.26"]
[White "Livnansky, Tomas"]
[Black "Vasynda, Oleksandr"]
[Result "0-1"]
[BlackTitle "FM"]
[WhiteElo "1874"]
[BlackElo "2209"]
[WhiteFideId "14967634"]
[BlackFideId "14176297"]
[EventDate "2025.09.13"]

1. Nf3 Nf6 2. d4 d5 3. e3 e6 4. Bd3 c5 5. c3 Nc6 6. Nbd2 Bd6 7. O-O O-O 8. dxc5
Bxc5 9. e4 Qe7 10. exd5 Nxd5 11. Nb3 Bb6 12. Qc2 h6 13. Re1 Rd8 14. Be4 Qf6 15.
Bxd5 Rxd5 16. Be3 Bc7 17. Rad1 Rxd1 18. Rxd1 e5 19. Nc5 b6 20. h3 Qd8 0-1

[Event "exe Slovakia Open 2025"]
[Site "Bratislava SVK"]
[Date "2025.09.13"]
[Round "1.27"]
[White "Kubik, Rafal"]
[Black "Voiculescu-Holvad, Stefan"]
[Result "1-0"]
[WhiteTitle "CM"]
[WhiteElo "2192"]
[BlackElo "1875"]
[WhiteFideId "21022852"]
[BlackFideId "20692005"]
[EventDate "2025.09.13"]

1. e4 c5 2. Nf3 Nc6 3. d4 cxd4 4. Nxd4 g6 5. c4 Nf6 6. Nc3 d6 7. Be2 Nxd4 8.
Qxd4 Bg7 9. O-O O-O 10. Qd3 Be6 11. Bd2 Ng4 12. Bxg4 Bxg4 13. f3 Bd7 14. b3 Bc6
15. Be3 e6 16. Bd4 Qa5 17. Be3 Qd8 18. Rad1 Qa5 19. Bd4 Rfd8 20. Bxg7 Kxg7 21.
Kh1 Rab8 22. f4 a6 23. a4 f5 24. Rfe1 Qc5 25. b4 fxe4 26. Nxe4 Bxe4 27. Qc3+ 1-0

[Event "exe Slovakia Open 2025"]
[Site "Bratislava SVK"]
[Date "2025.09.13"]
[Round "1.28"]
[White "Kucera, Michal"]
[Black "Selbes, Tamer Tarik"]
[Result "0-1"]
[BlackTitle "FM"]
[WhiteElo "1900"]
[BlackElo "2209"]
[WhiteFideId "14910519"]
[BlackFideId "6302513"]
[EventDate "2025.09.13"]

1. Nf3 Nf6 2. d4 g6 3. Nbd2 Bg7 4. e4 d6 5. Bd3 O-O 6. O-O Nc6 7. c3 e5 8. Re1
Nh5 9. Nb3 a5 10. a4 h6 11. h3 Qf6 12. d5 Nb8 13. Nh2 Nf4 14. Bxf4 Qxf4 15. Qf3
Qg5 16. Qe3 Qh4 17. Nf3 Qf6 18. Nh2 0-1

[Event "exe Slovakia Open 2025"]
[Site "Bratislava SVK"]
[Date "2025.09.13"]
[Round "1.29"]
[White "Holly, Andrej"]
[Black "Simon, Peter"]
[Result "1-0"]
[WhiteElo "2199"]
[BlackElo "1871"]
[WhiteFideId "14947781"]
[BlackFideId "14995948"]
[EventDate "2025.09.13"]

1. c4 g6 2. g3 Bg7 3. Bg2 Nf6 4. Nc3 O-O 5. e4 e5 6. Nge2 Nc6 7. O-O d6 8. d3
Bg4 9. h3 Be6 10. Nd5 Nd4 11. Nxd4 exd4 12. f4 c6 13. Nxf6+ Bxf6 14. Qf3 Qa5 15.
g4 Bd7 16. a3 c5 17. g5 Bg7 18. f5 f6 19. gxf6 Rxf6 20. Qg3 h6 21. Qg5 1-0

[Event "exe Slovakia Open 2025"]
[Site "Bratislava SVK"]
[Date "2025.09.13"]
[Round "1.30"]
[White "Krupa, Andrej"]
[Black "Lahav, Michal"]
[Result "0-1"]
[BlackTitle "WIM"]
[WhiteElo "1870"]
[BlackElo "2152"]
[WhiteFideId "73619876"]
[BlackFideId "2813742"]
[EventDate "2025.09.13"]

1. e4 e6 2. d4 d5 3. Nc3 Bb4 4. exd5 exd5 5. a3 Be7 6. Nf3 Nf6 7. Bf4 O-O 8. Be2
c6 9. O-O Bf5 10. h3 Re8 11. Ne5 Nbd7 12. Bf3 Bd6 13. Nxf7 Kxf7 14. Bxd6 Re6 15.
Bf4 Qe7 16. Bg5 Kg8 0-1

[Event "exe Slovakia Open 2025"]
[Site "Bratislava SVK"]
[Date "2025.09.13"]
[Round "1.31"]
[White "Zetocha, Adrian"]
[Black "Nookala, Nikhil Sriram"]
[Result "1-0"]
[WhiteTitle "FM"]
[WhiteElo "2183"]
[BlackElo "1819"]
[WhiteFideId "14950430"]
[BlackFideId "146241958"]
[EventDate "2025.09.13"]

1. d4 d5 2. c4 e6 3. Nc3 a6 4. cxd5 exd5 5. Nf3 h6 6. Bf4 Nf6 7. Ne5 Bd6 8. e3
Qe7 9. Be2 Nbd7 10. Nd3 O-O 11. Bf3 c6 12. h4 Re8 13. Qe2 Ne4 14. g4 g5 15. hxg5
hxg5 16. Bxd6 Qxd6 17. O-O-O Nxc3 18. bxc3 Qa3+ 19. Kb1 Nb6 20. Qc2 Nc4 21. Nc5
Qa5 22. Qh7+ Kf8 23. Qh6+ Ke7 24. Qxg5+ Kd6 25. Rh6+ Kc7 26. Qf4+ Kb6 27. Bxd5
Qb5+ 28. Kc2 Na3+ 29. Kc1 Qb1+ 30. Kd2 Qc2+ 31. Ke1 Qxc3+ 32. Kf1 Be6 33. Na4+ 1-0

[Event "exe Slovakia Open 2025"]
[Site "Bratislava SVK"]
[Date "2025.09.13"]
[Round "1.32"]
[White "Levytskyi, Liubomyr"]
[Black "Jendrowiak, Maciej"]
[Result "0-1"]
[WhiteElo "1854"]
[BlackElo "2171"]
[WhiteFideId "34132155"]
[BlackFideId "21861374"]
[EventDate "2025.09.13"]

1. e4 e5 2. Nf3 Nc6 3. d4 exd4 4. Nxd4 Nf6 5. Nxc6 bxc6 6. e5 Qe7 7. Qe2 Nd5 8.
g3 g6 9. c4 Ba6 10. b3 Bg7 11. Bb2 O-O 12. Bg2 Rae8 13. O-O Bxe5 14. Qxe5 Qxe5
15. Bxe5 Rxe5 16. cxd5 Bxf1 17. Kxf1 cxd5 18. Nc3 c6 19. Rd1 Ra8 20. Bf3 Kf8 21.
Rd4 Ke7 22. Rh4 h5 23. Ra4 Kd6 24. Ne2 Ree8 25. Ke1 a5 26. Rf4 Ke7 27. Nc3 Reb8
28. Be2 Rb4 29. Rf3 f5 30. h4 Kd6 31. Bd3 Kc5 32. Bc2 d4 33. g4 0-1

[Event "exe Slovakia Open 2025"]
[Site "Bratislava SVK"]
[Date "2025.09.13"]
[Round "1.33"]
[White "Shtemler, Lavi"]
[Black "Guba, Peter"]
[Result "1-0"]
[WhiteElo "2185"]
[BlackElo "1852"]
[WhiteFideId "2812061"]
[BlackFideId "14970511"]
[EventDate "2025.09.13"]

1. e4 c5 2. Nf3 d6 3. d4 cxd4 4. Nxd4 Nf6 5. Nc3 a6 6. Be3 g6 7. f3 Bg7 8. Qd2
Nc6 9. g4 Bd7 10. O-O-O b5 11. g5 Nh5 12. Nxc6 Bxc6 13. Bd4 O-O 14. Bxg7 Nxg7
15. h4 Qa5 16. Kb1 b4 17. Ne2 Ne6 18. Nf4 Rfe8 19. h5 Kg7 1-0